| 000 | 01079nam a2200289 a 4500 | ||
|---|---|---|---|
| 001 | ebr10417330 | ||
| 003 | CaPaEBR | ||
| 006 | m u | ||
| 007 | cr cn||||||||| | ||
| 008 | 101215m20082009ii a s 000 0 eng d | ||
| 020 | _z9788171338863 | ||
| 020 | _z8171338860 | ||
| 040 |
_aCaPaEBR _cCaPaEBR |
||
| 035 | _a(OCoLC)664581195 | ||
| 050 | 1 | 4 |
_aQH324 _b.R36 2008eb |
| 100 | 1 | _aRana, S. V. S. | |
| 245 | 1 | 0 |
_aBiotechniques _h[electronic resource] : _btheory & practice / _cby S.V.S. Rana. |
| 250 | _a2nd ed. | ||
| 260 |
_aMeerut, India : _bRastogi Publications, _c2008/2009 [i.e. 2008?] |
||
| 300 |
_a322 p. : _bill. |
||
| 533 |
_aElectronic reproduction. _bPalo Alto, Calif. : _cebrary, _d2011. _nAvailable via World Wide Web. _nAccess may be limited to ebrary affiliated libraries. |
||
| 650 | 0 |
_aBiology _xMethodology. |
|
| 650 | 0 |
_aBiochemistry _xMethodology. |
|
| 655 | 7 |
_aElectronic books. _2local |
|
| 710 | 2 | _aebrary, Inc. | |
| 856 | 4 | 0 |
_uhttp://site.ebrary.com/lib/rucke/Doc?id=10417330 _zAn electronic book accessible through the World Wide Web; click to view |
| 999 |
_c85153 _d85153 |
||